[Event "AUTO-ADV-994"]
[Site "http://www.queenalice.com/game.php?id=444273"]
[Date "2008.8.6"]
[Round "1"]
[White "chesplayer"]
[Black "Augustodombosco"]
[Result "1-0"]
[WhiteElo "1729"]
[BlackElo "1629"]

1. e4 e5 2. Nf3 Nc6 3. Bb5 Bc5 4. Bxc6 dxc6 5. Nxe5 Qd4 6. Nd3 Qxe4+ 7. Qe2
Qxe2+ 8. Kxe2 Bb6 9. Re1 Nf6 10. Kf3+ Be6 11. Nf4 Kd7 12. Nc3 Bd5+ 13. Nfxd5
cxd5 14. d3 h6 15. Re5 c6 16. Ne2 Rae8 17. Rxe8 1-0

[Event "AUTO-ADV-994"]
[Site "http://www.queenalice.com/game.php?id=444274"]
[Date "2008.8.6"]
[Round "1"]
[White "Augustodombosco"]
[Black "chesplayer"]
[Result "0-1"]
[WhiteElo "1642"]
[BlackElo "1716"]

1. d4 d5 2. c4 dxc4 3. Nc3 Nc6 4. Nf3 Bg4 5. e3 Bxf3 6. Qxf3 Na5 7. Bxc4 Nxc4 8.
Qxb7 Na5 9. Qb5+ c6 10. Qa4 Qc7 11. Nd5 Qd6 12. Nxe7 Bxe7 13. Qxa5 Qb4+ 14. Bd2
Qxa5 15. Bxa5 Nf6 0-1

[Event "AUTO-ADV-994"]
[Site "http://www.queenalice.com/game.php?id=444291"]
[Date "2008.8.6"]
[Round "1"]
[White "Augustodombosco"]
[Black "Undertaker"]
[Result "0-1"]
[WhiteElo "1691"]
[BlackElo "1847"]

1. d4 d5 2. c4 Nf6 3. cxd5 Qxd5 4. Nc3 Qa5 5. Nf3 Nc6 6. Bd2 Qb6 7. Bf4 Qxb2 8.
Qc1 Qb6 9. Rb1 Nb4 10. a3 e6 11. e4 Na2 12. Nxa2 Qa5+ 13. Bd2 Qxa3 14. Qxa3 Bxa3
15. Nc3 c6 16. Bc4 O-O 17. h4 b5 0-1

[Event "AUTO-ADV-994"]
[Site "http://www.queenalice.com/game.php?id=444292"]
[Date "2008.8.6"]
[Round "1"]
[White "Undertaker"]
[Black "Augustodombosco"]
[Result "1-0"]
[WhiteElo "1841"]
[BlackElo "1854"]

1. e4 e5 2. Nf3 Nc6 3. Bb5 Bc5 4. d3 h6 5. Bxc6 dxc6 6. Nxe5 Qd4 7. Ng4 Bxg4 8.
Qxg4 Qxf2+ 9. Kd1 Nf6 10. Qxg7 Rg8 11. Qxh6 Rxg2 12. Bd2 O-O-O 13. Re1 Rxh2 14.
Qf4 Rdh8 15. Qxf2 Rxf2 16. Bc3 Rhh2 17. Nd2 1-0

[Event "AUTO-ADV-994"]
[Site "http://www.queenalice.com/game.php?id=444293"]
[Date "2008.8.6"]
[Round "1"]
[White "Augustodombosco"]
[Black "marcosweck"]
[Result "0-1"]
[WhiteElo "1815"]
[BlackElo "1888"]

1. d4 e6 2. c4 c5 3. d5 Nf6 4. Nc3 d6 5. Bg5 Be7 6. Bxf6 Bxf6 7. e4 Bxc3+ 8.
bxc3 Qa5 9. Qb3 b6 10. Qb5+ Bd7 11. Qxa5 bxa5 0-1

[Event "AUTO-ADV-994"]
[Site "http://www.queenalice.com/game.php?id=444294"]
[Date "2008.8.6"]
[Round "1"]
[White "marcosweck"]
[Black "Augustodombosco"]
[Result "1-0"]
[WhiteElo "1874"]
[BlackElo "1829"]

1. d4 d5 2. Nc3 Nf6 3. g3 Bf5 4. Bg2 Nc6 5. Nf3 Nb4 6. O-O Bxc2 7. Qd2 Be4 8.
Nxe4 dxe4 9. Qxb4 exf3 10. Bxf3 e5 11. Qxb7 Rc8 12. Qxa7 1-0

[Event "AUTO-ADV-842"]
[Site "http://www.queenalice.com/game.php?id=444733"]
[Date "2008.8.6"]
[Round "2"]
[White "Augustodombosco"]
[Black "rrainey22"]
[Result "0-1"]
[WhiteElo "1592"]
[BlackElo "1753"]

1. d4 d5 2. c4 h6 3. cxd5 Qxd5 4. Nc3 Qa5 5. e4 e5 6. Nf3 exd4 7. Nxd4 c6 8. Be2
Nf6 9. Bd2 Qd8 10. Be3 Bb4 11. O-O O-O 0-1

[Event "AUTO-ADV-842"]
[Site "http://www.queenalice.com/game.php?id=444737"]
[Date "2008.8.6"]
[Round "2"]
[White "Augustodombosco"]
[Black "EMB2"]
[Result "0-1"]
[WhiteElo "1654"]
[BlackElo "2120"]

1. d4 Nf6 2. c4 g6 3. Nf3 Bg7 4. Nc3 O-O 5. Bg5 e6 6. e4 h6 7. Bh4 g5 8. Nxg5
hxg5 9. Bxg5 d6 10. Qd2 e5 11. d5 Na6 0-1

[Event "Challenge"]
[Site "http://www.queenalice.com/game.php?id=445274"]
[Date "2008.8.8"]
[Round "-"]
[White "Augustodombosco"]
[Black "Alsina"]
[Result "0-1"]
[WhiteElo "1693"]
[BlackElo "2462"]

1. d4 Nf6 2. c4 e6 3. Nf3 b6 4. Nc3 Bb4 5. Bg5 Bb7 6. e3 h6 7. Bh4 Bxc3+ 8. bxc3
d6 9. Be2 g5 10. Bg3 Nbd7 0-1

[Event "QA-ANNIV-04"]
[Site "http://www.queenalice.com/game.php?id=445713"]
[Date "2008.8.8"]
[Round "2"]
[White "HokZ157"]
[Black "Augustodombosco"]
[Result "1-0"]
[WhiteElo "1996"]
[BlackElo "1750"]

1. e4 e5 2. Nf3 Nc6 3. Bc4 Bc5 4. b4 Nxb4 5. Nxe5 Qe7 6. d4 Bb6 7. Bxf7+ Kd8 8.
c3 Nc6 9. Nxc6+ dxc6 10. Qf3 Nf6 11. Bc4 Nxe4 12. O-O Rf8 13. Ba3 c5 14. Qe3 Re8
15. Nd2 Ba5 16. Nxe4 Qxe4 17. Qg5+ Qe7 18. Qxe7+ Rxe7 19. Bxc5 Re4 20. Bd5 1-0

[Event "AUTO-ADV-826"]
[Site "http://www.queenalice.com/game.php?id=446074"]
[Date "2008.8.9"]
[Round "2"]
[White "Augustodombosco"]
[Black "bugeyewrx"]
[Result "0-1"]
[WhiteElo "1710"]
[BlackElo "1932"]

1. d4 Nf6 2. c4 g6 3. Nc3 Bg7 4. e4 d6 5. f4 O-O 6. e5 dxe5 7. fxe5 Ne8 8. Nf3
Bg4 9. Bd3 c5 10. Be4 Nc6 11. Bxc6 bxc6 0-1

[Event "AUTO-ADV-826"]
[Site "http://www.queenalice.com/game.php?id=446075"]
[Date "2008.8.9"]
[Round "2"]
[White "bugeyewrx"]
[Black "Augustodombosco"]
[Result "1-0"]
[WhiteElo "1939"]
[BlackElo "1676"]

1. d4 d5 2. c4 e5 3. dxe5 d4 4. Nf3 Nc6 5. Nbd2 Qe7 6. Nb3 Qb4+ 7. Bd2 Qxc4 8.
e3 d3 9. Bc3 Bf5 10. Rc1 O-O-O 11. Nfd4 Nxd4 12. Nxd4 1-0

[Event "Fim de Ano"]
[Site "http://www.queenalice.com/game.php?id=450249"]
[Date "2008.8.18"]
[Round "5"]
[White "Augustodombosco"]
[Black "lobo"]
[Result "0-1"]
[WhiteElo "1774"]
[BlackElo "1827"]

1. e4 e6 2. Nf3 a6 3. d4 d5 4. exd5 exd5 5. Be2 Bd6 6. Nc3 Bb4 7. O-O Bf5 8. Bf4
Nf6 9. Re1 O-O 10. Bd3 Bg4 11. h3 Bh5 12. Qe2 Nc6 0-1